Derechos del consumidor: estudio crítico

Guardat en:
Dades bibliogràfiques
Autor principal: Rodríguez Grez, Pablo (Autor)
Format: Llibre
Idioma:espanyol
Publicat: Santiago Thomson Reuters 2015
Edició:1a. ed
Col·lecció:La ley
Matèries:
Accés en línia:Disponible Online en Thomson Proview
Etiquetes: Afegir etiqueta
Sense etiquetes, Sigues el primer a etiquetar aquest registre!

MARC

LEADER 00000cam a2200000 a 4500
001 UCE8280
003 CL-VaPUC
005 20230523143928.0
008 150728e20150000cl |||||||||||||||||spa|d
999 |c 360214  |d 360212 
020 |a 9789563466959 
040 |c Pontificia Universidad Católica de Valparaíso 
082 0 4 |a 343.83071  |b ROD  |2 21 
100 0 |a Rodríguez Grez, Pablo  |e author  |9 557372 
245 1 0 |a Derechos del consumidor: estudio crítico 
250 |a 1a. ed 
260 |a Santiago  |b Thomson Reuters  |c 2015 
300 |a 158 p 
490 0 |a La ley 
583 |a last modification  |c 20150728 02:04:00  |k Rodrigo Vera 
650 7 |a DERECHO DEL CONSUMIDOR  |2 CL-VaPUC  |9 474425 
650 0 |a Protección al consumidor  |9 255293 
650 0 |a Derecho comercial   |9 256340 
650 7 |a RESPONSABILIDAD CIVIL  |2 CL-VaPUC  |9 581036 
856 |u https://pucv.idm.oclc.org/login?url=https://proview.thomsonreuters.com/library.html?sponsor=IPPUCV-2  |y Disponible Online en Thomson Proview 
942 |c BK  |2 ddc 
945 |d 20150728 02:04:00  |a gsalatino 
952 |0 0  |1 0  |3 erb  |4 0  |6 343_830710000000000_ROD_2015  |7 0  |8 A  |9 469868  |a BIBDER  |b BIBDER  |i 5191173  |l 3  |m 3  |o 343.83071 ROD 2015  |p 5191173  |r 2023-01-25  |s 2022-11-14  |w 2019-11-23  |y BK  |z Catalogado en:20150728  |k DER